000 00521nam a2200193Ia 4500
999 _c14687
_d14687
003 OSt
005 20260305125035.0
008 190216s9999||||xx |||||||||||||| ||und||
020 _a9780007456093
040 _coclc
082 _a869.342
_bCOE/A
100 1 _aCoelho, Paulo
_95599
245 0 _aAleph /
_cPaulo Coelho
250 _a3rd Ed.
260 _bHarper Collins Publishers ,
_c2011.
_aLondon:
300 _a300p
650 _aEnglish
942 _cBK
_2ddc
_h869.342
_iCOE/A
_k869.342
_mCOE/A